Welcome to the Holygrace Academy Library

Please use search bar below to get started

SIGNIFICANT OTHERS (Record no. 3525)

MARC details
000 -LEADER
fixed length control field 00303nam a22001337a 4500
020 ## - INTERNATIONAL STANDARD BOOK NUMBER
ISBN 0-552-99383-2
082 ## - DEWEY DECIMAL CLASSIFICATION NUMBER
Classification number 823
Item number MAU/S
100 ## - MAIN ENTRY--AUTHOR NAME
Personal name MAUPIN, ARMISTEAD
245 ## - TITLE STATEMENT
Title SIGNIFICANT OTHERS
260 ## - PUBLICATION, DISTRIBUTION, ETC. (IMPRINT)
Place of publication GREAT BRITAIN
Name of publisher BLACK SWAN
Year of publication 1990
300 ## - PHYSICAL DESCRIPTION
Number of Pages 315
650 ## - SUBJECT ADDED ENTRY--TOPICAL TERM
Topical Term NOVEL
Geographic subdivision GREAT BRITAIN
942 ## - ADDED ENTRY ELEMENTS (KOHA)
Koha item type Books
Holdings
Withdrawn status Lost status Collection code Home library Current library Shelving location Date acquired Source of acquisition Full call number Accession Number Koha item type
    Fiction Main Library Main Library SHELF 14 H ALPHEBETICAL - M-FICTION 29/01/2019 purchase 823 MAU/S 10763 Books